Pokemon by Pokedex Description - Statistics

General Stats
  • This quiz has been taken 54 times
  • The average score is 10 of 15
Answer Stats
Pokedex Pokemon % Correct
Its whole body is composed of muscles. Even though it’s the size of a human child, it can hurl 100 grown-ups. Machop
93%
It is said to camouflage itself as a Poké Ball. It will self-destruct with very little stimulus. Voltorb
89%
This legendary bird Pokémon is said to appear when the sky turns dark and lightning showers down. Zapdos
89%
It burrows through the ground at a shallow depth. It leaves raised earth in its wake, making it easy to spot. Diglett
78%
Its body is full of poisonous gas. It floats into garbage dumps, seeking out the fumes of raw, rotting trash. Koffing
78%
It has three poisonous stingers on its forelegs and its tail. They are used to jab its enemy repeatedly. Beedrill
70%
The stalk this Pokémon carries in its wings serves as a sword to cut down opponents. In a dire situation, the stalk can also serve as food. Farfetch'd
70%
Born in an active volcano. Its body is always cloaked in flames, so it looks like a big ball of fire. Magmar
70%
An ancient Pokémon that was recovered from a fossil. It swam by cleverly twisting its 10 tentacles about. Omanyte
70%
This Pokémon flies at Mach 2 speed, seeking prey. Its large talons are feared as wicked weapons. Pidgeot
70%
Emits ultrasonic cries while it flies. They act as a sonar used to check for objects in its way. Zubat
70%
It has a barbaric nature. In battle, it whips its fiery tail around and slashes away with sharp claws. Charmeleon
56%
Its steel-like hide adds to its powerful tackle. Its horns are so hard, they can pierce a diamond. Nidoking
37%
It cleverly controls its furry ears and tail to maintain its balance while swimming. Wartortle
30%
Once it sheds its skin, its body turns tender and whitish. Its hide hardens when it’s exposed to air. Golem
11%
No matching quizzes found
Score Distribution
Percent of People with Each Score
Percentile by Number Answered
Your Score History
You have not taken this quiz